Modelovanie strižných nástrojov v softvéri CATIA : Diplomová práca

Enregistré dans:
Détails bibliographiques
Auteur principal: Kubovčiak, Martin (Auteur)
Autres auteurs: Košťál, Peter, 1969- (xxx)
Format: Manuscrit Livre
Langue:slovaque
Publié: Trnava : STU v Bratislave MtF KTv, 2005
Sujets:
Tags: Ajouter un tag
Pas de tags, Soyez le premier à ajouter un tag!

MARC

LEADER 00000ntm a22000003a 4500
001 stu94166
005 20160719154511.9
008 050531s2005----xo------------------slo-d
040 |a STU  |b slo 
041 0 |a slo 
044 |a xo 
100 1 |a Kubovčiak, Martin  |4 aut 
245 1 |a Modelovanie strižných nástrojov v softvéri CATIA :  |b Diplomová práca 
260 |a Trnava :  |b STU v Bratislave MtF KTv,  |c 2005 
300 |a 74 s  |c príl 
650 7 |a technológie strojárskej výroby  |2 stusub 
650 7 |a strižné nástroje  |2 stusub 
700 1 |a Košťál, Peter,  |d 1969-  |4 xxx  |u M2000  |U MTF Materiálovotechnologická fakulta  |T MTF Ústav výrobných systémov a aplikovanej mechaniky  |X 216  |U M2000  |Y 82  |7 A000000216 
996 |b 284M051882  |c M*DP-5438  |l MMSKP  |s P  |a 0  |w stu94166_0001